日本線のある航空会社一覧 - Statistics

General Stats
  • This quiz has been taken 112 times
  • The average score is 177 of 373
Answer Stats
Hint Answer % Correct
愛知 | 成田 | 羽田 | 関西 日本航空
89%
全日空
87%
大韓航空
79%
アメリカン航空
76%
中国東方航空
74%
ユナイテッド航空
74%
ジェットスター
74%
デルタ航空
71%
チャイナエアライン
70%
シンガポール航空
68%
カンタス航空
67%
中国国際航空
66%
中国南方航空
66%
エミレーツ航空
66%
アシアナ航空
63%
ハワイアン航空
63%
ブリティッシュエアウェイズ
63%
エバー航空
62%
ベトナム航空
62%
マレーシア航空
62%
チェジュ航空
61%
タイ国際航空
59%
キャセイパシフィック航空
58%
フィリピン航空
58%
カタール航空
58%
peach
58%
春秋航空
57%
エールフランス航空
57%
ルフトハンザドイツ航空
57%
エアアジア
55%
エアインディア
54%
エアカナダ
53%
フィンエアー
53%
エティハド航空
51%
ターキッシュエアラインズ
51%
ベトジェット
47%
KLMオランダ航空
47%
ガルーダインドネシア航空
46%
エチオピア航空
46%
上海航空
46%
香港航空
45%
ZIPAIR
45%
タイガーエア台湾
43%
香港エクスプレス
43%
エアプサン
42%
深圳航空
42%
スクート
41%
四川航空
41%
イベリア航空
41%
スカンジナビア航空
39%
エアソウル
38%
下地島 | 新千歳 | 新石垣 ジンエアー
37%
吉祥航空
36%
マカオ航空
36%
スターラックス航空
34%
セブパシフィック航空
34%
海南航空
33%
アエロメヒコ航空
33%
ティーウェイ航空
32%
ネパール航空
32%
ITAエアウェイズ
32%
エアアジアX
32%
エジプト航空
30%
ジェットスタージャパン
29%
エアロK
29%
LOTポーランド航空
29%
エアージャパン
28%
スプリングジャパン
28%
厦門航空
26%
スリランカ航空
26%
スイスインターナショナルエアラインズ
26%
タイエアアジア
25%
オーストリア航空
25%
天津航空
24%
山東航空
24%
MIATモンゴル航空
24%
北京首都航空
21%
ベトジェットエア
21%
ウズベキスタン航空
21%
イースター航空
20%
グレーターベイ航空
20%
エルアルイスラエル航空
20%
ロイヤルブルネイ航空
18%
タイベトジェットエア
16%
タイエアアジアX
16%
エアプレミア
14%
バティックエア
14%
フィジーエアウェイズ
14%
青島航空
14%
タイライオンエア
13%
エアタヒチヌイ
13%
エアアジアフィリピン
12%
ビーマンバングラデシュ航空
12%
長竜航空
12%
ジェットスターアジア
9%
ウエストジェット航空
8%
アエロモンゴリア航空
4%
河北航空
3%
中国聯合航空
3%
エアロK航空
3%
No matching quizzes found
Score Distribution
Percent of People with Each Score
Percentile by Number Answered
Your Score History
You have not taken this quiz